000 00399 a2200169 4500
001 157488
020 _a978-85-96-01701-5
040 _cEscola São Tomás de Aquino
100 _aLOBATO, Monteiro
240 1 0 _aO pinguim que andou de bonde
_lpor
245 1 0 _aO pinguim que andou de bonde
300 _a29
362 0 _a2019
440 1 _aFTD
697 _a*LITERATURA INFANTO
942 _cBK
999 _c157488
_d157488